000 01257nam0a2200325 4500
001 RU\NLR\bibl\1402686
005 20260406133607.0
010 _a978-5-699-34105-4
_94000
021 _aRU
_b2009-57318
_9289д
035 _a(NLR Aleph) 001394686
090 _a1184391
_c1184391
100 _a20090819d2009 |||y0rusy50 ca
101 0 _arus
102 _aRU
105 _ay |||||||||
200 1 _aМорпехи в Куршевеле
_e[роман]
_fСергей Соболев
210 _aМосква
_cЭКСМО
_d2009
215 _a347, [1] с.
_d17
225 1 _aСпецоперация
225 1 _aСпецоперация. Лучшие романы Соболева о силовых структурах
300 _aРоман "Морпехи в Куршевеле" ранее выходил под назв. "Последний бой"
451 0 _12001#$aПоследний бой
_tПоследний бой
686 _aШ6(2=Р)75-446
700 1 _4070
_8rus
_7ca
_aСоболев
_bС.В.
_f1958-
_cписатель
_gСергей Викторович
_3RU\NLR\auth\772084
_9112101
801 0 _aRU
_bNLR
_c20090819
_gRCR
801 1 _aRU
_bNLR
_c20090819
942 _cBOOK
980 _aNB